| 000 | 00460nam a2200205Ia 4500 | ||
|---|---|---|---|
| 008 | 210210b1950 xxu||||| |||| 00| 0 eng d | ||
| 041 | _aeng | ||
| 082 | _a829/274 | ||
| 100 | _aDICKENS (C) | ||
| 245 | _aTale of two cities: Smith Ed | ||
| 260 |
_aLondon _bOxford University Press _c1950 |
||
| 650 | _atwo | ||
| 650 | _aTale | ||
| 650 | _aSmith | ||
| 650 | _aof | ||
| 650 | _aEd | ||
| 650 | _acities: | ||
| 690 | _aEnglish Fiction | ||
| 906 | _a016879 | ||
| 999 |
_c136703 _d136703 |
||